| 000 | 005450000a22001810004500 | ||
|---|---|---|---|
| 003 | MACL | ||
| 005 | 20160217125413.0 | ||
| 008 | 160217b xxu||||| |||| 00| 0 eng d | ||
| 040 |
_aMACL _cMACL |
||
| 041 | _aHindi | ||
| 082 | _a338 | ||
| 100 |
_aश्रीवास्तव गोरखप्रसाद _938647 |
||
| 245 | _aअघोग और रसायन | ||
| 260 |
_bप्रकाशन शाखा _c1959 _aउत्तर प्रदेश |
||
| 350 | _a7 | ||
| 650 |
_aProduction _938648 |
||
| 942 |
_cHIN _k338 _2ddc |
||
| 999 |
_c25686 _d25686 |
||